Introducción al an lisis de circuitos / Robert L. Boylestad (Registro nro. 18560)
[ vista simple ]
| 000 -LÍDER | |
|---|---|
| fixed length control field | 00551nam a2200157 4500 |
| 008 - ELEMENTOS DE LONGITUD FIJA -- INFORMACIÓN GENERAL | |
| fixed length control field | 0 2004 0ant 000 0MEX |
| 020 ## - NÚMERO INTERNACIONAL NORMALIZADO PARA LIBROS | |
| ISBN | 970-26-0448-6 |
| 050 ## - SIGNATURA TOPOGRAFICA DE LA BIBLIOTECA DEL CONGRESO (LC) | |
| Número de Clasificación | TK454 B67918 2004 |
| 082 ## - NUMERO DE CLASIFICACION DECIMAL DEWEY | |
| Número de Clasificación | 621.319.2 B255i |
| 100 ## - ASIENTO PRINCIPAL--NOMBRE PERSONAL | |
| Nombre personal | Boylestad, Robert L. |
| 245 ## - TÍTULO | |
| Título | Introducción al an lisis de circuitos / Robert L. Boylestad |
| 250 ## - MENCIÓN DE EDICIÓN | |
| Mención de edición | 10 |
| 260 ## - PUBLICACIÓN, DISTRIBUCIÓN, ETC. (PIE DE IMPRENTA) | |
| Lugar de publicación, distribución, etc. | México : Pearson Educación : Prentice Hall |
| 300 ## - DESCRIPCIÓN FÍSICA | |
| Extensión | 1248 p. / 27 cm. |
| 650 ## - ASIENTO SECUNDARIO DE MATERIA - TERMINO TEMÁTICO | |
| Término temático o nombre geográfico como elemento de entrada | 1.CIRCUITOS ELECTRICOS \ 2.ANALISIS DE CIRCUITOS \ 3.INGENIERIA ELECTRICA-PROBLEMAS, EJERCICIOS. |
| No. biblioteca | No. biblioteca | Número de clasificación | Código de barras/Número de adquisición | Número de copia | Tipo de material |
|---|---|---|---|---|---|
| LUIS G. INCLAN | LUIS G. INCLAN | 621.319.2 B255i | 44475 | 1 | Libros |
| LUIS G. INCLAN | LUIS G. INCLAN | 621.319.2 B255i | 45892 | 2 | Libros |
| LUIS G. INCLAN | LUIS G. INCLAN | 621.319.2 B255i | 47283 | 3 | Libros |
| LUIS G. INCLAN | LUIS G. INCLAN | 621.319.2 B255i | 48025 | 4 | Libros |
| LUIS G. INCLAN | LUIS G. INCLAN | 621.319.2 B255i | 48026 | 5 | Libros |
| LUIS G. INCLAN | LUIS G. INCLAN | 621.319.2 B255i | 48334 | 6 | Libros |
| LUIS G. INCLAN | LUIS G. INCLAN | 621.319.2 B255i | 48732 | 7 | Libros |
| LUIS G. INCLAN | LUIS G. INCLAN | 621.319.2 B255i | 48733 | 8 | Libros |
| ÁREA DE ELECTROMECÁNICA | ÁREA DE ELECTROMECÁNICA | 621.319.2 B255i | 50954 | 9 | Libros |
